000 00340nam a22001577a 4500
005 20160625112823.0
008 160625b xxu||||| |||| 00| 0 eng d
020 _a978-81-314-1576-4
041 _aeng
082 _b10036
245 _aCorporate Going Green
260 _bIUP
300 _a265
650 _aManagement
_9241
942 _cBK
999 _c3969
_d3968